Obal vhodný pro distribuci
Potreba zvýšenia úrovne obalového hospodárstva v Nemecku. Požiadavky nemeckého obchodu a priemyslu na celistvé obalové riešenia vhodné aj pre logistiku. Problematika vratných obalov. Technická výhodnosť prechodu z nevratných obalov na vratné. Potrebná spolupráca medzi výrobcom obalov a podnikom logi...
Gespeichert in:
| 1. Verfasser: | |
|---|---|
| Format: | Buchkapitel |
| Sprache: | Tschechisch |
| Schlagworte: | |
| Tags: |
Keine Tags, Fügen Sie das erste Tag hinzu!
|
MARC
| LEADER | 00000naa a2200000 4500 | ||
|---|---|---|---|
| 001 | r035137 | ||
| 005 | 20230522103059.2 | ||
| 041 | 0 | |a cze | |
| 044 | |a CZ | ||
| 245 | 1 | 0 | |a Obal vhodný pro distribuci |c spracoval Jiří Kubát |
| 520 | |a Potreba zvýšenia úrovne obalového hospodárstva v Nemecku. Požiadavky nemeckého obchodu a priemyslu na celistvé obalové riešenia vhodné aj pre logistiku. Problematika vratných obalov. Technická výhodnosť prechodu z nevratných obalov na vratné. Potrebná spolupráca medzi výrobcom obalov a podnikom logistických služieb pri vývoji obalu. | ||
| 610 | 2 | 0 | |a hospodárstvo obalové |
| 610 | 2 | 0 | |a obaly |
| 610 | 2 | 0 | |a technika obalová |
| 610 | 2 | 0 | |a logistika |
| 610 | 2 | 0 | |a preprava |
| 610 | 2 | 0 | |a distribúcia |
| 610 | 2 | 0 | |a Nemecko |
| 100 | 1 | |a Kubát, Jiří | |